[Event "37. Copenhagen Open (Politiken Cup)"]
[Site "Elsinore"]
[Date "2015.07.26"]
[Round "3"]
[White "Astrom, Lars"]
[Black "Maagaard, David Bille"]
[Result "1-0"]
[WhiteElo "2097"]
[BlackElo "1859"]
[PlyCount "57"]
[EventDate "2015.07.25"]
[EventType "swiss"]
[EventRounds "10"]
[EventCountry "DEN"]
[Source "ChessBase"]
[SourceDate "2015.09.14"]

1. e4 e5 2. Nf3 Nf6 3. d4 exd4 4. e5 Nd5 5. Qxd4 Nb6 6. Nc3 Nc6 7. Qe4 Be7 8.
Bf4 O-O 9. O-O-O f5 10. exf6 Bxf6 11. Bd3 g6 12. Nd5 Nxd5 13. Qxd5+ Kg7 14. Bd2
d6 15. h4 Ne7 16. Qb3 Bg4 17. Ng5 d5 18. f3 Bd7 19. h5 c5 20. hxg6 hxg6 21. Bc3
c4 22. Bxc4 Rh8 23. Bxf6+ Kxf6 24. Qc3+ Kxg5 25. Qe5+ Nf5 26. f4+ Kg4 27. Be2+
Kg3 28. Rd3+ Kxg2 29. Qxd5+ 1-0

[Event "37. Copenhagen Open (Politiken Cup)"]
[Site "Elsinore"]
[Date "2015.07.26"]
[Round "3"]
[White "Bach, Matthias"]
[Black "Hillarp Persson, Tiger"]
[Result "0-1"]
[WhiteElo "2236"]
[BlackElo "2563"]
[PlyCount "80"]
[EventDate "2015.07.25"]
[EventType "swiss"]
[EventRounds "10"]
[EventCountry "DEN"]
[Source "ChessBase"]
[SourceDate "2015.09.14"]

1. d4 Nf6 2. c4 g6 3. Nc3 Bg7 4. e4 d6 5. f4 c5 6. d5 O-O 7. Nf3 e6 8. Be2 exd5
9. cxd5 Nbd7 10. O-O Re8 11. Qc2 Nb6 12. h3 Qe7 13. Bb5 Bd7 14. Bxd7 Nfxd7 15.
e5 dxe5 16. f5 e4 17. Ng5 Bd4+ 18. Kh1 e3 19. Nce4 Nxd5 20. fxg6 fxg6 21. Rf7
Qxf7 22. Nxf7 Kxf7 23. Bxe3 Nxe3 24. Qb3+ Kg7 25. Qxb7 Rxe4 26. Qxa8 Nf6 27.
Qxa7+ Kh6 28. g4 Rf4 29. g5+ Kxg5 30. Rg1+ Kh4 31. Qg7 Nf5 32. Qb7 Ng3+ 33. Kh2
Bxg1+ 34. Kxg1 Kxh3 35. Qg2+ Kg4 36. Kh2 Nfh5 37. Qc2 Re4 38. Qd1+ Re2+ 39. Kg1
Nf4 40. Qd7+ Kg5 0-1

[Event "37. Copenhagen Open (Politiken Cup)"]
[Site "Elsinore"]
[Date "2015.07.26"]
[Round "3"]
[White "Bering, Anders"]
[Black "Holm, Henrik"]
[Result "1-0"]
[WhiteElo "1996"]
[BlackElo "1766"]
[PlyCount "107"]
[EventDate "2015.07.25"]
[EventType "swiss"]
[EventRounds "10"]
[EventCountry "DEN"]
[Source "ChessBase"]
[SourceDate "2015.09.14"]

1. e4 Nc6 2. d4 e5 3. dxe5 Nxe5 4. Nf3 Nc6 5. Bc4 h6 6. Nc3 Bb4 7. O-O Bxc3 8.
bxc3 Nge7 9. Nd4 O-O 10. Qh5 d5 11. Bxd5 Nxd5 12. exd5 Ne7 13. Ba3 Re8 14. Rfe1
Ng6 15. Rxe8+ Qxe8 16. Qe2 Bd7 17. Re1 Qxe2 18. Rxe2 Nf4 19. Re7 Rd8 20. c4 a6
21. Bc1 Ne6 22. Nxe6 Bxe6 23. Rxc7 Bxd5 24. cxd5 Rxd5 25. g3 Rd1+ 26. Kg2 Rxc1
27. c4 b5 28. Rc8+ Kh7 29. Rc6 Rxc4 30. Rxc4 bxc4 31. Kf3 Kg6 32. Ke4 c3 33.
Kd3 c2 34. Kxc2 Kf5 35. Kc3 Ke4 36. Kb4 Kf3 37. Ka5 Kxf2 38. Kxa6 Kg2 39. Kb5
Kxh2 40. a4 f5 41. a5 Kxg3 42. a6 f4 43. a7 f3 44. a8=Q g5 45. Kc4 g4 46. Kd4
h5 47. Ke3 f2 48. Qh1 h4 49. Ke2 h3 50. Kf1 Kf4 51. Qh2+ g3 52. Qxh3 Kf3 53.
Qf5+ Ke3 54. Qg4 1-0

[Event "37. Copenhagen Open (Politiken Cup)"]
[Site "Elsinore"]
[Date "2015.07.26"]
[Round "3"]
[White "Birkestrand, Odd Helge"]
[Black "Berg Olsen, Sebastian N"]
[Result "1/2-1/2"]
[WhiteElo "1698"]
[BlackElo "1302"]
[PlyCount "71"]
[EventDate "2015.07.25"]
[EventType "swiss"]
[EventRounds "10"]
[EventCountry "DEN"]
[Source "ChessBase"]
[SourceDate "2015.09.14"]

1. e4 c5 2. c3 Nf6 3. d3 g6 4. Nf3 Bg7 5. Be2 d6 6. O-O O-O 7. Nbd2 b6 8. d4
Bb7 9. d5 e6 10. c4 exd5 11. cxd5 Re8 12. Bd3 Ba6 13. Bxa6 Nxa6 14. Re1 Nb4 15.
a3 Nd3 16. Re3 Nxf2 17. Qc2 N2g4 18. Re2 Ne5 19. Nxe5 Rxe5 20. Nf3 Re7 21. Bg5
h6 22. Bh4 g5 23. Nxg5 hxg5 24. Bxg5 Qe8 25. Rae1 Rd7 26. Rf1 Qe5 27. Bh4 Ng4
28. Bg3 Qd4+ 29. Bf2 Qe5 30. Bg3 Qh5 31. Rf5 Bd4+ 32. Kh1 Qh6 33. Bf4 Qh4 34.
Bg3 Qh6 35. Bf4 Qh4 36. Bg3 1/2-1/2

[Event "37. Copenhagen Open (Politiken Cup)"]
[Site "Elsinore"]
[Date "2015.07.26"]
[Round "3"]
[White "Bjerre, Jonas Buhl"]
[Black "Helin, Mikael"]
[Result "1-0"]
[WhiteElo "2083"]
[BlackElo "1896"]
[PlyCount "59"]
[EventDate "2015.07.25"]
[EventType "swiss"]
[EventRounds "10"]
[EventCountry "DEN"]
[Source "ChessBase"]
[SourceDate "2015.09.14"]

1. e4 c5 2. Nf3 e6 3. d4 cxd4 4. Nxd4 a6 5. Bd3 Qc7 6. Qe2 b5 7. a4 b4 8. Nd2
Bb7 9. Nc4 Nc6 10. Nxc6 dxc6 11. e5 Rd8 12. Bg5 Rd4 13. Be3 Rxc4 14. Bxc4 Qxe5
15. Bxa6 Ba8 16. Bb6 Qxb2 17. Rd1 Be7 18. Bd4 Qxd4 19. Rxd4 Nf6 20. O-O O-O 21.
Bc4 Nd5 22. Bxd5 cxd5 23. Qb5 g6 24. a5 Kg7 25. a6 Bf6 26. Rxb4 d4 27. a7 Be4
28. Qc5 Rd8 29. Rb8 Rd5 30. Qf8# 1-0

[Event "37. Copenhagen Open (Politiken Cup)"]
[Site "Elsinore"]
[Date "2015.07.26"]
[Round "3"]
[White "Bjorneboe, Kristian"]
[Black "Harvey, Marcus Ross"]
[Result "1/2-1/2"]
[WhiteElo "2015"]
[BlackElo "2320"]
[PlyCount "127"]
[EventDate "2015.07.25"]
[EventType "swiss"]
[EventRounds "10"]
[EventCountry "DEN"]
[Source "ChessBase"]
[SourceDate "2015.09.14"]

1. d4 f5 2. e4 fxe4 3. Nc3 Nf6 4. Bg5 c6 5. f3 Qa5 6. Bxf6 exf6 7. fxe4 Ba3 8.
Qc1 d5 9. Nge2 Bb4 10. Qe3 dxe4 11. Qxe4+ Kf7 12. O-O-O Qg5+ 13. Kb1 Re8 14.
Qf4 Bg4 15. Qxg5 fxg5 16. h3 Be6 17. a3 Bd6 18. Ne4 Be7 19. N2c3 Kg8 20. d5 Bf7
21. Bc4 cxd5 22. Nxd5 Nc6 23. Nxe7+ Rxe7 24. Bxf7+ Rxf7 25. Nxg5 Rf2 26. g4 h6
27. Ne4 Re2 28. Ng3 Rg2 29. Nf5 g6 30. Nxh6+ Kg7 31. g5 Rxg5 32. Ng4 Re8 33.
Rd7+ Re7 34. Rhd1 Kf8 35. R7d6 Ne5 36. Rd8+ Kg7 37. Re1 Kf7 38. Nxe5+ Rgxe5 39.
Rxe5 Rxe5 40. Rd7+ Re7 41. Rd3 Kf6 42. b4 Kf5 43. Kb2 Kf4 44. c4 Ke4 45. Rg3
Kd4 46. Rg4+ Kd3 47. Rxg6 Kxc4 48. Rg4+ Kb5 49. Rg5+ Ka6 50. Rc5 Rh7 51. Rc3
Kb6 52. Kc2 Rh4 53. Kd2 Kb5 54. Ke2 b6 55. Kf2 Rh8 56. Kg3 Rg8+ 57. Kf4 Rh8 58.
Kg4 Rg8+ 59. Kf3 Rh8 60. Kg3 Rg8+ 61. Kf2 Rh8 62. Kg2 Ka4 63. Kg3 Rg8+ 64. Kf3
1/2-1/2

[Event "37. Copenhagen Open (Politiken Cup)"]
[Site "Elsinore"]
[Date "2015.07.26"]
[Round "3"]
[White "Boukhris, Yacine"]
[Black "Kunin, Vitaly L"]
[Result "0-1"]
[WhiteElo "2163"]
[BlackElo "2576"]
[PlyCount "126"]
[EventDate "2015.07.25"]
[EventType "swiss"]
[EventRounds "10"]
[EventCountry "DEN"]
[Source "ChessBase"]
[SourceDate "2015.09.14"]

1. e4 d6 2. d4 Nf6 3. Nc3 Nbd7 4. Nf3 e5 5. Bc4 Be7 6. a4 O-O 7. O-O c6 8. Re1
exd4 9. Qxd4 Ne5 10. Nxe5 dxe5 11. Qxd8 Rxd8 12. f3 Bc5+ 13. Be3 Bxe3+ 14. Rxe3
Kf8 15. a5 Ke7 16. Bb3 Be6 17. Na4 Nd7 18. Bxe6 Kxe6 19. Rc3 Ke7 20. b4 f6 21.
Kf2 b5 22. Nc5 Nxc5 23. Rxc5 Rd2+ 24. Ke3 Rxg2 25. Rxc6 Rd8 26. Rc7+ Rd7 27.
Rxd7+ Kxd7 28. Rd1+ Kc6 29. Rd2 Rg1 30. c3 Rc1 31. Kd3 g6 32. Rc2 Rb1 33. Kd2
f5 34. Rc1 Rb2+ 35. Rc2 Rb3 36. Rc1 Ra3 37. Rc2 a6 38. Kc1 Ra1+ 39. Kd2 Rg1 40.
Kd3 f4 41. Ke2 Rh1 42. Kd3 Re1 43. Rd2 Re3+ 44. Kc2 Rxf3 45. Rd5 Rf2+ 46. Kd3
Rxh2 47. Rxe5 Kd6 48. Re8 g5 49. e5+ Kd5 50. e6 Rh3+ 51. Kd2 Rh2+ 52. Kd3 h6
53. Ra8 Kxe6 54. Rxa6+ Kf5 55. Rb6 f3 56. a6 Ra2 57. Rxh6 f2 58. Rh1 Kf4 59. c4
bxc4+ 60. Kxc4 Rxa6 61. b5 Re6 62. Rf1 Kf3 63. b6 Rxb6 0-1

[Event "37. Copenhagen Open (Politiken Cup)"]
[Site "Elsinore"]
[Date "2015.07.26"]
[Round "3"]
[White "Bredeli, Havard Iversen"]
[Black "Christensen, Bo Garner"]
[Result "0-1"]
[WhiteElo "1346"]
[BlackElo "2215"]
[PlyCount "36"]
[EventDate "2015.07.25"]
[EventType "swiss"]
[EventRounds "10"]
[EventCountry "DEN"]
[Source "ChessBase"]
[SourceDate "2015.09.14"]

1. d4 f5 2. Nf3 Nf6 3. c4 g6 4. e3 Bg7 5. Nc3 O-O 6. Be2 d6 7. O-O Nc6 8. Re1
e5 9. dxe5 dxe5 10. Qxd8 Rxd8 11. Rd1 Bd7 12. b3 e4 13. Nd4 Ne5 14. Bb2 a6 15.
f4 Neg4 16. Bc1 c5 17. Nc2 b5 18. Nd5 Nxd5 0-1

[Event "37. Copenhagen Open (Politiken Cup)"]
[Site "Elsinore"]
[Date "2015.07.26"]
[Round "3"]
[White "Brendel, Bergit"]
[Black "Madison, Sigurd"]
[Result "1-0"]
[WhiteElo "2086"]
[BlackElo "1853"]
[PlyCount "127"]
[EventDate "2015.07.25"]
[EventType "swiss"]
[EventRounds "10"]
[EventCountry "DEN"]
[Source "ChessBase"]
[SourceDate "2015.09.14"]

1. e4 e5 2. Nf3 Nc6 3. Bc4 d6 4. d4 Bg4 5. d5 Nd4 6. Be3 Nxf3+ 7. gxf3 Bd7 8.
Nc3 Nf6 9. Rg1 Nh5 10. Qd2 a6 11. O-O-O b5 12. Bd3 h6 13. f4 Be7 14. f5 Kf8 15.
Qe2 Nf4 16. Bxf4 exf4 17. Qf3 Bg5 18. Ne2 Qf6 19. Kb1 Qe5 20. h4 Bf6 21. c3 b4
22. Qxf4 Qxf4 23. Nxf4 bxc3 24. bxc3 Rb8+ 25. Kc1 Rb6 26. Kd2 Rb2+ 27. Ke3 Bxc3
28. Bc4 Bb5 29. Nd3 Rc2 30. Bb3 Rb2 31. Nxb2 Bxb2 32. Rb1 Ba3 33. Bc4 Bc5+ 34.
Kd3 Bxf2 35. Rg2 Bxc4+ 36. Kxc4 Bb6 37. Rb3 f6 38. a4 Kf7 39. Rgg3 Rg8 40. Kd3
Re8 41. Ke2 Rg8 42. Kf3 Rc8 43. Ra3 a5 44. h5 Ke7 45. Rg2 Kf7 46. Ke2 Re8 47.
Rg4 Rg8 48. Rag3 Bc5 49. Kd3 Kf8 50. Kc4 Kf7 51. Kb5 Bb6 52. Kc6 Kf8 53. Rg2
Kf7 54. Kd7 Kf8 55. Ke6 Bc5 56. Rc2 Ke8 57. e5 fxe5 58. f6 Kf8 59. f7 Rh8 60.
Rcg2 Be3 61. Rxg7 Bg5 62. Rg6 e4 63. Rb2 Bd8 64. Rb8 1-0

[Event "37. Copenhagen Open (Politiken Cup)"]
[Site "Elsinore"]
[Date "2015.07.26"]
[Round "3"]
[White "Brunello, Sabino"]
[Black "Thorsbro, Peter"]
[Result "1-0"]
[WhiteElo "2539"]
[BlackElo "2216"]
[PlyCount "59"]
[EventDate "2015.07.25"]
[EventType "swiss"]
[EventRounds "10"]
[EventCountry "DEN"]
[Source "ChessBase"]
[SourceDate "2015.09.14"]

1. d4 d5 2. c4 c6 3. Nf3 Nf6 4. e3 e6 5. Nbd2 Nbd7 6. Bd3 Bd6 7. O-O O-O 8. e4
dxe4 9. Nxe4 Nxe4 10. Bxe4 Nf6 11. Bc2 Qc7 12. Bg5 Nd7 13. Qd3 g6 14. c5 Bf4
15. Rfe1 Bxg5 16. Nxg5 Qf4 17. Nf3 Rd8 18. Re4 Qf6 19. Qe3 b6 20. Bb3 bxc5 21.
dxc5 Qxb2 22. Rd1 Re8 23. Ng5 Nf6 24. Qf3 Ba6 25. Red4 Kg7 26. Rd7 Nxd7 27.
Qxf7+ Kh6 28. Qf4 Qf6 29. Qh4+ Kg7 30. Rxd7+ 1-0

[Event "37. Copenhagen Open (Politiken Cup)"]
[Site "Elsinore"]
[Date "2015.07.26"]
[Round "3"]
[White "Carlstedt, Jonathan"]
[Black "Thogersen, Rasmus"]
[Result "0-1"]
[WhiteElo "2460"]
[BlackElo "2192"]
[PlyCount "122"]
[EventDate "2015.07.25"]
[EventType "swiss"]
[EventRounds "10"]
[EventCountry "DEN"]
[Source "ChessBase"]
[SourceDate "2015.09.14"]

1. d4 Nf6 2. Nc3 d5 3. Bf4 Bf5 4. f3 e6 5. g4 Bg6 6. h4 h5 7. g5 Nfd7 8. e3 a6
9. Bd3 Bxd3 10. Qxd3 c5 11. g6 f6 12. Nge2 Nc6 13. a3 Be7 14. Bg3 Nf8 15. Nf4
c4 16. Qd2 Bd6 17. Rg1 Rh6 18. e4 Bxf4 19. Bxf4 Rxg6 20. O-O-O Kf7 21. Bg3 b5
22. Qf4 Ne7 23. Rge1 Ra7 24. Re2 Rd7 25. Bh2 dxe4 26. Rxe4 Rg2 27. Re2 Rxe2 28.
Nxe2 e5 29. Qe4 Ne6 30. Bg1 Rd6 31. c3 Nc6 32. d5 Kg8 33. f4 exf4 34. Rf1 f5
35. Qxf5 Ne7 36. Qe5 Nxd5 37. Nd4 Nc5 38. Kb1 Nd3 39. Qxh5 Rh6 40. Qf3 Rxh4 41.
Nf5 Rh7 42. Qxd5+ Qxd5 43. Ne7+ Kf7 44. Nxd5 g5 45. Nb4 Nxb4 46. axb4 Kf6 47.
Kc2 Kf5 48. Kd2 g4 49. Ke1 g3 50. Bc5 Kg4 51. Bd6 f3 52. Bxg3 Kxg3 53. Rg1+ Kf4
54. Rg6 Rh1+ 55. Kf2 Rh2+ 56. Kf1 Rxb2 57. Rxa6 Ke3 58. Re6+ Kd3 59. Re5 Kxc3
60. Rxb5 Rxb4 61. Rf5 Kb2 0-1

[Event "37. Copenhagen Open (Politiken Cup)"]
[Site "Elsinore"]
[Date "2015.07.26"]
[Round "3"]
[White "Christiansen, Johan Sebastian"]
[Black "Christensen, Lasse"]
[Result "1-0"]
[WhiteElo "2409"]
[BlackElo "2168"]
[PlyCount "75"]
[EventDate "2015.07.25"]
[EventType "swiss"]
[EventRounds "10"]
[EventCountry "DEN"]
[Source "ChessBase"]
[SourceDate "2015.09.14"]

1. Nf3 Nf6 2. c4 e6 3. g3 b6 4. Bg2 Bb7 5. O-O Be7 6. d4 O-O 7. Re1 d5 8. cxd5
exd5 9. Nc3 Na6 10. Bf4 Ne4 11. Ne5 c5 12. Be3 cxd4 13. Bxd4 Nac5 14. Rc1 Ne6
15. Be3 Bb4 16. Qa4 Bxc3 17. bxc3 Qc7 18. Nf3 Nd6 19. Red1 Nc4 20. Qc2 Nxe3 21.
fxe3 Qe7 22. Nh4 Qc5 23. c4 Qxe3+ 24. Kh1 Nc5 25. cxd5 Rfe8 26. Bf3 g6 27. Ng2
Qe5 28. Nf4 Rad8 29. Qc4 Rd7 30. Rc2 Rd6 31. Qb5 Ba6 32. Qb4 f5 33. Nh3 Re7 34.
Nf2 Bb7 35. Rcd2 Ne4 36. Bxe4 fxe4 37. Ng4 a5 38. Qa3 1-0

[Event "37. Copenhagen Open (Politiken Cup)"]
[Site "Elsinore"]
[Date "2015.07.26"]
[Round "3"]
[White "Christiansen, Niels Jorgen"]
[Black "Martinsson, Jonas"]
[Result "0-1"]
[WhiteElo "1625"]
[BlackElo "1845"]
[PlyCount "30"]
[EventDate "2015.07.25"]
[EventType "swiss"]
[EventRounds "10"]
[EventCountry "DEN"]
[Source "ChessBase"]
[SourceDate "2015.09.14"]

1. d4 Nf6 2. c4 c5 3. d5 b5 4. cxb5 a6 5. Nc3 axb5 6. Bg5 Qa5 7. Bxf6 gxf6 8.
Qd2 h5 9. e3 Ba6 10. Nf3 b4 11. Ne4 Bxf1 12. Rxf1 d6 13. b3 Bg7 14. Nh4 f5 15.
Nxf5 Bxa1 0-1

[Event "37. Copenhagen Open (Politiken Cup)"]
[Site "Elsinore"]
[Date "2015.07.26"]
[Round "3"]
[White "Christophersen, David"]
[Black "Shehzad, Kasher"]
[Result "1/2-1/2"]
[WhiteElo "1854"]
[BlackElo "1563"]
[PlyCount "128"]
[EventDate "2015.07.25"]
[EventType "swiss"]
[EventRounds "10"]
[EventCountry "DEN"]
[Source "ChessBase"]
[SourceDate "2015.09.14"]

1. d4 Nf6 2. Nf3 e6 3. Bf4 Nc6 4. e3 a6 5. Bd3 b5 6. c3 Bb7 7. Qc2 h6 8. Nbd2
g5 9. Bg3 Bd6 10. e4 Bxg3 11. hxg3 d6 12. Nxg5 Ng4 13. Ngf3 Qf6 14. Nf1 O-O-O
15. O-O-O b4 16. d5 Nce5 17. N1h2 bxc3 18. Nxg4 cxb2+ 19. Qxb2 Nxg4 20. Qxf6
Nxf6 21. dxe6 fxe6 22. Rh4 Rdg8 23. Rd2 e5 24. Rb2 Rg4 25. Rxg4 Nxg4 26. Nh4
Nf6 27. f3 Nd7 28. Ng6 Rh7 29. Bc4 Nc5 30. Nh4 Kd7 31. Nf5 h5 32. Kc2 c6 33.
Bg8 Rh8 34. Bf7 d5 35. exd5 cxd5 36. Rb6 Bc6 37. Bxd5 Bxd5 38. Rd6+ Kc7 39.
Rxd5 Nd7 40. Ra5 Kb6 41. Ra4 Rg8 42. Rb4+ Kc7 43. Rc4+ Kb7 44. Nd6+ Kb6 45. Ne4
h4 46. g4 Rg6 47. Rb4+ Kc7 48. Rb1 Rc6+ 49. Kd2 Nf8 50. g3 h3 51. Rh1 Rh6 52.
Nf2 h2 53. g5 Rh5 54. f4 exf4 55. gxf4 Ne6 56. Ke3 Rh4 57. Nd3 Kd6 58. g6 Ng7
59. Kf2 Nf5 60. Kg2 Ne3+ 61. Kf3 Nf5 62. Ne5 Ke6 63. Ng4 Nd4+ 64. Kg3 Nf5+
1/2-1/2

[Event "37. Copenhagen Open (Politiken Cup)"]
[Site "Elsinore"]
[Date "2015.07.26"]
[Round "3"]
[White "Dalsberg, Sandra de Blecourt"]
[Black "Fernandez, Daniel Howard"]
[Result "0-1"]
[WhiteElo "2157"]
[BlackElo "2472"]
[PlyCount "76"]
[EventDate "2015.07.25"]
[EventType "swiss"]
[EventRounds "10"]
[EventCountry "DEN"]
[Source "ChessBase"]
[SourceDate "2015.09.14"]

1. d4 e6 2. c4 d5 3. Nc3 Nf6 4. cxd5 exd5 5. Bg5 c6 6. Qc2 Be7 7. e3 h6 8. Bf4
Bd6 9. Bg3 Qe7 10. Bd3 O-O 11. Nf3 Nbd7 12. Nh4 Nb6 13. Bf5 Be6 14. Bxe6 Qxe6
15. O-O-O Rfe8 16. Bxd6 Qxd6 17. Nf5 Qd7 18. g4 Rac8 19. Rdg1 Ne4 20. Nxe4 dxe4
21. Kb1 Nd5 22. Qc5 b6 23. Qd6 Qe6 24. h4 Rcd8 25. Qxe6 Rxe6 26. g5 h5 27. Rc1
g6 28. Ng3 f6 29. gxf6 Rf8 30. f3 exf3 31. Rhf1 Rxe3 32. Rxc6 Rxf6 33. Rc8+ Kf7
34. Rd8 f2 35. Rxd5 Rxg3 36. Rg5 Rg4 37. Kc2 Rxd4 38. Rg2 Rxh4 0-1

[Event "37. Copenhagen Open (Politiken Cup)"]
[Site "Elsinore"]
[Date "2015.07.26"]
[Round "3"]
[White "Degerfeldt, Sven"]
[Black "Brorsen, Jacob Abildlund"]
[Result "1-0"]
[WhiteElo "1859"]
[BlackElo "2110"]
[PlyCount "133"]
[EventDate "2015.07.25"]
[EventType "swiss"]
[EventRounds "10"]
[EventCountry "DEN"]
[Source "ChessBase"]
[SourceDate "2015.09.14"]

1. d4 d5 2. Nf3 Nf6 3. c4 c6 4. e3 Bf5 5. Qb3 Qb6 6. Nc3 e6 7. c5 Qc7 8. Bd2 h6
9. Rc1 Nbd7 10. Qa3 b5 11. Nxb5 cxb5 12. Bxb5 Be7 13. Ne5 O-O 14. Nc6 Nb8 15.
Ba5 Qb7 16. Nxe7+ Qxe7 17. c6 Nxc6 18. Bxc6 Qxa3 19. bxa3 Rab8 20. O-O Rb2 21.
f3 Rfb8 22. Bb4 Rxa2 23. Rf2 Rxf2 24. Kxf2 Bd3 25. Rc5 a6 26. Ba4 h5 27. g3 g5
28. Bc2 Bc4 29. e4 Nd7 30. Ra5 Kg7 31. e5 Rb6 32. Ke3 Nb8 33. Rc5 Nc6 34. Bc3
Na7 35. f4 g4 36. f5 exf5 37. a4 Rc6 38. Rxc6 Nxc6 39. Bxf5 Bb3 40. a5 Bc4 41.
Kf4 Kh6 42. Bc2 Bb5 43. Kf5 Kg7 44. Kg5 Be2 45. Kxh5 Ne7 46. Kg5 Ng8 47. Kf4
Nh6 48. Bb4 Ng8 49. Ba4 Nh6 50. Bd7 Bd3 51. Bxg4 Nxg4 52. Kxg4 Kg6 53. Be7 Bf5+
54. Kh4 Bd3 55. g4 Kh6 56. Kg3 Kg6 57. Kf4 Kg7 58. Kg5 Bc2 59. h4 Bd3 60. h5
Bc2 61. h6+ Kg8 62. Bf6 Bd3 63. Bg7 Kh7 64. Kf6 Kg8 65. g5 Bc2 66. e6 fxe6 67.
g6 1-0

[Event "37. Copenhagen Open (Politiken Cup)"]
[Site "Elsinore"]
[Date "2015.07.26"]
[Round "3"]
[White "Djurhuus, Eivind X"]
[Black "Skjoldager, Flemming"]
[Result "1-0"]
[WhiteElo "2149"]
[BlackElo "1944"]
[PlyCount "85"]
[EventDate "2015.07.25"]
[EventType "swiss"]
[EventRounds "10"]
[EventCountry "DEN"]
[Source "ChessBase"]
[SourceDate "2015.09.14"]

1. e4 d5 2. exd5 Qxd5 3. Nc3 Qd6 4. d4 Nf6 5. Nge2 c6 6. g3 g6 7. Bg2 Bg7 8.
Bf4 Qb4 9. Qd2 Nbd7 10. O-O a5 11. a3 Qb6 12. Na4 Qd8 13. c4 O-O 14. Rac1 Re8
15. Rfd1 Nb6 16. Nc5 e6 17. b3 Qe7 18. Nc3 Nbd7 19. b4 Qf8 20. N3e4 Nxe4 21.
Nxe4 e5 22. dxe5 Nxe5 23. Nd6 Rd8 24. c5 Bg4 25. Re1 Nf3+ 26. Bxf3 Bxf3 27. Qe3
Bd5 28. Nxb7 Re8 29. Qd3 Rxe1+ 30. Rxe1 axb4 31. axb4 Qc8 32. Na5 Qh3 33. f3
Bf6 34. Be5 Re8 35. Bc3 Rxe1+ 36. Bxe1 Qe6 37. Bf2 Kg7 38. Kg2 h6 39. Nb7 Be5
40. Be1 Bc4 41. Qe3 Qf6 42. Nd6 Bxd6 43. Bc3 1-0

[Event "37. Copenhagen Open (Politiken Cup)"]
[Site "Elsinore"]
[Date "2015.07.26"]
[Round "3"]
[White "Edwardsson, Hannu Kalervo"]
[Black "Tolba, Henri"]
[Result "0-1"]
[WhiteElo "1452"]
[BlackElo "1739"]
[PlyCount "80"]
[EventDate "2015.07.25"]
[EventType "swiss"]
[EventRounds "10"]
[EventCountry "DEN"]
[Source "ChessBase"]
[SourceDate "2015.09.14"]

1. e4 c6 2. Nf3 d5 3. exd5 cxd5 4. d4 Bg4 5. Be2 Nf6 6. O-O e6 7. c3 Nc6 8. b3
Bd6 9. Ba3 Bxa3 10. Nxa3 O-O 11. Nc2 Ne4 12. Nd2 Bxe2 13. Qxe2 Nxc3 14. Qg4 f5
15. Qh3 Ne2+ 16. Kh1 Nexd4 17. Nxd4 Nxd4 18. Qd3 Qf6 19. Rad1 Nc6 20. Rfe1 Rfe8
21. f4 Rac8 22. Re2 Qd4 23. Qb1 Qxf4 24. Rde1 Qd6 25. Nf3 h6 26. Nh4 Kf7 27.
Qd3 g6 28. Nf3 Re7 29. Qd2 g5 30. h3 Ke8 31. Kg1 Kd7 32. Kh1 Kc7 33. Qc3 Kb8
34. Rd2 Rec7 35. Qf6 Nd8 36. Qxh6 Rc1 37. Rxc1 Rxc1+ 38. Ng1 Qc5 39. Kh2 Qxg1+
40. Kg3 Rc3+ 0-1

[Event "37. Copenhagen Open (Politiken Cup)"]
[Site "Elsinore"]
[Date "2015.07.26"]
[Round "3"]
[White "Ekeberg, Carl Fredrik"]
[Black "Greeuw, Sietske"]
[Result "1-0"]
[WhiteElo "2267"]
[BlackElo "1989"]
[PlyCount "105"]
[EventDate "2015.07.25"]
[EventType "swiss"]
[EventRounds "10"]
[EventCountry "DEN"]
[Source "ChessBase"]
[SourceDate "2015.09.14"]

1. Nf3 c5 2. c4 Nc6 3. d4 cxd4 4. Nxd4 g6 5. e4 Nf6 6. Nc3 Bg7 7. Be3 Ng4 8.
Qxg4 Nxd4 9. Qd1 Ne6 10. Rc1 d6 11. Bd3 Bd7 12. Qd2 Nc5 13. Bb1 Rc8 14. b4 Na6
15. Nd5 b6 16. O-O O-O 17. Bd3 Nc7 18. Nf4 Ne6 19. Ne2 Qe8 20. Bb1 Kh8 21. f4
f5 22. Ng3 Nd8 23. c5 bxc5 24. bxc5 dxc5 25. Rxc5 Rxc5 26. Bxc5 a6 27. exf5
Bxf5 28. Nxf5 gxf5 29. Qe2 Nc6 30. Qxa6 Rf6 31. Qe2 e6 32. Bd3 Bf8 33. Qe3 Bxc5
34. Qxc5 Qd7 35. Rd1 Ne7 36. Be2 Qb7 37. Bf3 Nd5 38. Bxd5 exd5 39. Qxd5 Qb6+
40. Qd4 Qa6 41. Rd3 Kg7 42. Rg3+ Kh6 43. h3 Qc6 44. Kh2 Qa6 45. a4 Qc6 46. a5
Qe6 47. Rb3 Rg6 48. Rb6 Qa2 49. Rxg6+ Kxg6 50. Qd6+ Kf7 51. a6 Qa4 52. Qh6 Kg8
53. Qg5+ 1-0

[Event "37. Copenhagen Open (Politiken Cup)"]
[Site "Elsinore"]
[Date "2015.07.26"]
[Round "3"]
[White "Engel, Luis"]
[Black "Hjornevik, Knut Jarle"]
[Result "1/2-1/2"]
[WhiteElo "2200"]
[BlackElo "1958"]
[PlyCount "87"]
[EventDate "2015.07.25"]
[EventType "swiss"]
[EventRounds "10"]
[EventCountry "DEN"]
[Source "ChessBase"]
[SourceDate "2015.09.14"]

1. e4 e6 2. d4 d5 3. Nd2 Be7 4. Bd3 c5 5. dxc5 Nf6 6. Ngf3 dxe4 7. Nxe4 Nxe4 8.
Bxe4 Qxd1+ 9. Kxd1 Bxc5 10. Ke2 Nd7 11. b3 Nf6 12. Bd3 O-O 13. Bb2 Nd5 14. Be4
Nf4+ 15. Kf1 f5 16. Bd3 Nxd3 17. cxd3 Rd8 18. Ke2 b6 19. Ne5 Bb7 20. f3 Rd5 21.
g3 Rad8 22. Rhd1 Bd6 23. Nc4 Bc5 24. f4 Be7 25. Rac1 Bf6 26. Be5 Ba6 27. b4 Bb5
28. h3 Bxc4 29. dxc4 Rxd1 30. Rxd1 Rxd1 31. Kxd1 Bxe5 32. fxe5 g5 33. a4 Kf7
34. b5 Ke7 35. Kd2 Kd7 36. Kd3 Kc7 37. Kd4 Kb7 38. Kc3 Kc7 39. Kd3 Kb7 40. Ke3
Kc7 41. h4 g4 42. h5 h6 43. Kd4 Kb7 44. Ke3 1/2-1/2

[Event "37. Copenhagen Open (Politiken Cup)"]
[Site "Elsinore"]
[Date "2015.07.26"]
[Round "3"]
[White "Engel, Robert"]
[Black "Bernhardsson, Sten"]
[Result "1/2-1/2"]
[WhiteElo "1725"]
[BlackElo "2003"]
[PlyCount "37"]
[EventDate "2015.07.25"]
[EventType "swiss"]
[EventRounds "10"]
[EventCountry "DEN"]
[Source "ChessBase"]
[SourceDate "2015.09.14"]

1. e4 c5 2. Nf3 e6 3. b3 Nc6 4. Bb2 d6 5. c4 Nf6 6. Nc3 Be7 7. d4 cxd4 8. Nxd4
Qb6 9. Ndb5 Ne5 10. Qd4 Qxd4 11. Nxd4 O-O 12. Be2 Rd8 13. O-O d5 14. f4 Bc5 15.
Na4 Ned7 16. exd5 exd5 17. cxd5 Nxd5 18. Nxc5 Nxc5 19. Rad1 1/2-1/2

[Event "37. Copenhagen Open (Politiken Cup)"]
[Site "Elsinore"]
[Date "2015.07.26"]
[Round "3"]
[White "Formanek, Edward W"]
[Black "Nordin, Eric"]
[Result "1-0"]
[WhiteElo "2121"]
[BlackElo "1899"]
[PlyCount "79"]
[EventDate "2015.07.25"]
[EventType "swiss"]
[EventRounds "10"]
[EventCountry "DEN"]
[Source "ChessBase"]
[SourceDate "2015.09.14"]

1. e4 d6 2. d4 Nf6 3. Nc3 g6 4. Bg5 c6 5. Qd2 b5 6. f3 a5 7. a4 b4 8. Nd1 Ba6
9. Bxa6 Nxa6 10. Ne2 Bg7 11. O-O c5 12. c3 O-O 13. Ne3 Nc7 14. d5 Qd7 15. c4
Rae8 16. b3 h5 17. Rac1 Nh7 18. Bf4 Rd8 19. Rcd1 Ne8 20. h3 Nef6 21. Bh2 Bh6
22. Qd3 Bg7 23. f4 h4 24. e5 Nh5 25. f5 g5 26. Ng4 dxe5 27. Nxe5 Bxe5 28. Bxe5
N7f6 29. Qe3 Nh7 30. Qxc5 N7f6 31. Qe3 Nh7 32. Bb2 N5f6 33. Kh1 Nh5 34. Qf3
N5f6 35. Nd4 Qc7 36. Nc6 g4 37. hxg4 Ng5 38. Qf4 Qxf4 39. Rxf4 Rd7 40. Re1 1-0